00711nam a2200241 a 4500001001300000003000900013005001700022008004100039020002400080082001500104100002400119245001900143260005000162300000900212500003500221505001000256650001700266700002400283902000800307942000700315952013000322999001700452nice12345678IN_TiNIC20260116014035.0050524s2001 cama grp 000 0 eng  a0521166 c175000a305.3bGOL aGoldstein, Joshua S aWar and Gender aCambridge bCambridge University Press c2001 a523p aincludes index and biblioraphy2 aNotes aGender Roles1 aGoldstein, Joshua S bSRS cBK 001040708StackRoom-aHMIbHMId2009-09-29g1750.00l1o305.3 GOLp020920r2016-11-07s2016-10-28v1750.00w2005-05-24yBK c13625d13625